000 00962nam a2200301 4500
999 _c23380
_d23380
001 vtls012144081
005 20221006111614.0
008 220718s2022 xo g 000 f slo
020 _a9788081642708
_q(viazané)
040 _aSNK
_bslo
_cSNK
_erda
041 1 _aslo
_heng
044 _axo
_cSK
072 7 _2konspekt
080 _22011
100 1 _aAveyard, Victoria,
_d1990-
_4aut
_93565
240 1 0 _aRed Queen
_lSlovensky
245 1 0 _aČervená kráľovná
_bsvet rozdelený krvou
_cVictoria Aveyard ; preložil: Slavomír Hrivnák
250 _aVydanie druhé
264 1 _a[Bratislava]
_bMotýľ
_c2022
300 _a347 strán
_c21 cm
336 _atext
_btxt
_2rdacontent
337 _abez média
_bn
_2rdamedia
338 _azväzok
_bnc
_2rdacarrier
500 _aMiesto vydania podľa ISBN
500 _aNa obale hore uvedené: 1 New York Times Bestseller
500 _aPreložené z angličtiny
700 1 _aHrivnák, Slavomír
_4trl
_93566